Schweiz - Nachbarländer + Hauptstädte - Statistiken

Allgemein
  • Dieses Quiz wurde 196 mal gespielt
  • Das Durchschnittsergebnis liegt bei 5 aus 5
Antwortstatistiken
Hint Antwort % Korrekt
Deutschland Berlin
100%
Frankreich Paris
99%
Italien Rom
99%
Österreich Wien
99%
Liechtenstein Vaduz
91%
Keine übereinstimmenden Quizze gefunden
Verteilung der Resultate
Anzahl Personen mit jedem Resultat
Perzentil nach korrekt beantworteten Fragen
Ihre Resultats-Entwicklung
Sie haben dieses Quiz noch nicht gespielt